[Event "28th Cappelle Open"]
[Site "Cappelle la Grande FRA"]
[Date "2012.03.08"]
[Round "7.27"]
[White "Mirzoev, Azer"]
[Black "Firat, Burak"]
[Result "1/2-1/2"]
[WhiteTitle "GM"]
[BlackTitle "IM"]
[WhiteElo "2560"]
[BlackElo "2405"]
[WhiteFideId "13400304"]
[BlackFideId "6305881"]
[EventDate "2012.03.03"]

1. Nf3 Nf6 2. c4 c6 3. d4 d5 4. Qc2 dxc4 5. Qxc4 Bf5 6. g3 e6 7. Bg2 Be7 8. Nc3
Nbd7 9. Qb3 Qb6 10. Nd2 e5 11. d5 cxd5 12. Nxd5 Nxd5 13. Bxd5 Qxb3 14. Nxb3 Bb4+
15. Bd2 Bxd2+ 16. Nxd2 Ke7 17. Bxb7 Rab8 18. Bf3 Rxb2 19. Nc4 Rb5 20. O-O Be6
21. a4 Rc5 22. Ne3 Rhc8 23. Rfb1 R8c7 24. a5 f5 25. Ba8 Nf6 26. a6 g5 27. f4
gxf4 28. gxf4 exf4 29. Ng2 Rc4 30. Bf3 Bd5 31. Ra5 Ke6 32. Bxd5+ Nxd5 33. Rbb5
Ne7 34. Rb7 Nd5 35. Kf2 Kd6 36. Nh4 Ne7 37. Rxc7 Kxc7 38. Rb5 Nc6 39. Rb7+ Kd6
40. Rxh7 Kc5 41. Nxf5 Kb6 42. h4 Kxa6 43. h5 Rc5 44. Nd6 Ne5 45. Ne4 Rc4 46. Ng5
Rc3 47. Rg7 Rg3 48. Kf1 Ng4 49. Ne6 f3 50. exf3 Rxf3+ 51. Kg2 Rf5 52. Rxg4 Rxh5
53. Kf3 Rh1 54. Rg6 Kb5 55. Ke4 Kc4 56. Ke3 a5 57. Rg4+ Kc3 58. Nc5 Re1+ 59. Kf2
Re5 60. Ne4+ Kd3 61. Ng3 Re6 62. Ra4 Re5 63. Ra2 Kc3 64. Ne2+ Kb3 65. Nc1+ Kc3
66. Ra4 Rf5+ 67. Ke1 Re5+ 68. Ne2+ Kb3 69. Rd4 a4 70. Kd2 Rxe2+ 71. Kxe2 a3 72.
Rd3+ Kb2 73. Rxa3 1/2-1/2

[Event "28th Cappelle Open"]
[Site "Cappelle la Grande FRA"]
[Date "2012.03.08"]
[Round "7.28"]
[White "Arutinian, David"]
[Black "Cotonnec, Melkior"]
[Result "1-0"]
[WhiteTitle "GM"]
[BlackTitle "FM"]
[WhiteElo "2553"]
[BlackElo "2384"]
[WhiteFideId "13601741"]
[BlackFideId "633275"]
[EventDate "2012.03.03"]

1. c4 c5 2. Nf3 Nc6 3. g3 g6 4. Bg2 Bg7 5. Nc3 e5 6. d3 Nge7 7. O-O O-O 8. Bd2
d6 9. a3 Be6 10. Rb1 a5 11. Ng5 Bc8 12. Nf3 Be6 13. Ng5 Bc8 14. Nb5 f5 15. Nf3
h6 16. b4 axb4 17. axb4 b6 18. Nc3 Ra7 19. Ne1 f4 20. Nd5 fxg3 21. hxg3 Kh7 22.
b5 Nd4 23. e3 Ndf5 24. Nc3 Bb7 25. Ra1 Qa8 26. Rxa7 Qxa7 27. Nf3 Qa8 28. e4 Nd4
29. Nxd4 cxd4 30. Ne2 Qa3 31. Qb1 Qa8 32. Bb4 Qd8 33. Qa1 Qc7 34. Qa3 Rd8 35.
Bh3 Ng8 36. Ra1 Nf6 37. Qc1 Nd7 38. Ra7 Nc5 39. Bxc5 dxc5 40. Be6 Qb8 41. Qa1
Re8 42. Bd5 Re7 43. Kg2 Rd7 44. Rxb7 Rxb7 45. Bxb7 Qxb7 46. Qa6 Qb8 47. f4 Bf6
48. Kf3 g5 49. Qa1 Qb7 50. Qh1 Qd7 51. Qh5 gxf4 52. gxf4 Qg7 53. Qh3 Kh8 54. Ng3
Kh7 55. Nh5 Qg6 56. Qf5 Qxf5 57. exf5 Bh8 58. fxe5 Bxe5 59. Ke4 Bc7 60. Kd5 Kg8
61. Kc6 Bd8 62. Kd7 Bg5 63. Kc7 1-0

[Event "28th Cappelle Open"]
[Site "Cappelle la Grande FRA"]
[Date "2012.03.08"]
[Round "7.29"]
[White "Maiorov, Nikita1"]
[Black "Marholev, Dimitar"]
[Result "1-0"]
[WhiteTitle "GM"]
[BlackTitle "IM"]
[WhiteElo "2552"]
[BlackElo "2383"]
[WhiteFideId "13501720"]
[BlackFideId "2901340"]
[EventDate "2012.03.03"]

1. d4 Nf6 2. c4 c5 3. d5 e6 4. Nc3 exd5 5. cxd5 d6 6. e4 a6 7. a4 g6 8. Nge2 Bg7
9. Ng3 O-O 10. Be2 h5 11. Bg5 Qc7 12. Qd2 Re8 13. O-O Nh7 14. Bh6 h4 15. Bxg7
Kxg7 16. Nh1 h3 17. g3 f5 18. exf5 Bxf5 19. f3 Qe7 20. Nf2 Nf6 21. g4 Bc8 22.
Nxh3 Rh8 23. Ng5 Nbd7 24. Rae1 Nf8 25. Bxa6 Qd8 26. Bc4 Rh7 27. Ne6+ Nxe6 28.
dxe6 d5 29. Nxd5 Qd6 30. Qc3 Rxa4 31. g5 1-0

[Event "28th Cappelle Open"]
[Site "Cappelle la Grande FRA"]
[Date "2012.03.08"]
[Round "7.31"]
[White "Neverov, Valeriy"]
[Black "Krzyzanowski, Marcin"]
[Result "1-0"]
[WhiteTitle "GM"]
[WhiteElo "2544"]
[BlackElo "2378"]
[WhiteFideId "14100150"]
[BlackFideId "1132199"]
[EventDate "2012.03.03"]

1. d4 d5 2. c4 c6 3. Nf3 Nf6 4. e3 g6 5. Nc3 Bg7 6. Bd3 O-O 7. O-O Bg4 8. h3
Bxf3 9. Qxf3 e6 10. Rd1 Nbd7 11. b3 Qa5 12. Bd2 Qc7 13. Rac1 Rac8 14. b4 dxc4
15. Bxc4 Qb8 16. e4 e5 17. d5 h6 18. dxc6 bxc6 19. Na4 Kh7 20. Bb3 Qb7 21. Rc4
Nb6 22. Nc5 Qe7 23. Rcc1 Ne8 24. a4 Nd6 25. Be3 Rfd8 26. Rc3 Na8 27. Rcd3 Nc7
28. R1d2 Bf8 29. Ba2 Rb8 30. g3 f6 31. Rb2 a5 32. Qd1 f5 33. f3 axb4 34. Qb3 Bg7
35. Rbd2 Qf6 36. Kf2 Qe7 37. Kg2 h5 38. Qd1 Bf8 39. exf5 gxf5 40. f4 e4 41.
Qxh5+ Bh6 42. Rxd6 Rxd6 43. Qxf5+ Kh8 44. Rxd6 Qxd6 45. Nxe4 Qd8 46. Qg6 1-0

[Event "28th Cappelle Open"]
[Site "Cappelle la Grande FRA"]
[Date "2012.03.08"]
[Round "7.32"]
[White "Szabo, Krisztian1"]
[Black "Dausch, Rene"]
[Result "1-0"]
[WhiteTitle "GM"]
[BlackTitle "FM"]
[WhiteElo "2538"]
[BlackElo "2366"]
[WhiteFideId "722901"]
[BlackFideId "4621166"]
[EventDate "2012.03.03"]

1. e4 Nf6 2. e5 Nd5 3. d4 d6 4. Nf3 dxe5 5. Nxe5 c6 6. Be2 Bf5 7. O-O Nd7 8. Nf3
e6 9. c4 Nb4 10. Nc3 Bc2 11. Qd2 Bg6 12. a3 Na6 13. d5 Nac5 14. Qd1 Be7 15. b4
Bf6 16. Nd4 e5 17. Nxc6 bxc6 18. dxc6 Nf8 19. bxc5 e4 20. Nd5 Ne6 21. Nxf6+ Qxf6
22. Qd7+ Kf8 23. Be3 Qe7 24. Rab1 1-0

[Event "28th Cappelle Open"]
[Site "Cappelle la Grande FRA"]
[Date "2012.03.08"]
[Round "7.33"]
[White "Payen, Arnaud"]
[Black "Malakhatko, Vadim"]
[Result "1/2-1/2"]
[WhiteTitle "IM"]
[BlackTitle "GM"]
[WhiteElo "2336"]
[BlackElo "2532"]
[WhiteFideId "600814"]
[BlackFideId "14104202"]
[EventDate "2012.03.03"]

1. d4 e6 2. c4 Bb4+ 3. Bd2 a5 4. g3 d5 5. Qc2 dxc4 6. Qxc4 Qd5 7. Qxd5 exd5 8.
Nc3 c6 9. Rc1 Be6 10. Nh3 Nd7 11. Nf4 Nb6 12. Nxe6 fxe6 13. e3 Nf6 14. Bd3 Kf7
15. a3 Bd6 16. O-O e5 17. dxe5 Bxe5 18. Rc2 a4 19. Ne2 Nbd7 20. Rfc1 Rhe8 21.
Kg2 Bc7 22. Nd4 Ne5 23. Bf1 g6 24. Bb4 Bb6 25. Nf3 Nxf3 26. Kxf3 Ne4 27. Kg2 Ba5
28. Bd3 Nf6 29. Bc5 Nd7 30. Bd4 Bb6 31. Bxb6 Nxb6 32. h4 Re5 33. g4 Nc8 34. g5
Nd6 35. Re2 Kg7 36. f4 Re7 37. Kf3 Ne4 38. Bxe4 Rxe4 39. Rd2 Ra5 40. Rc3 Rb5 41.
Kg4 h5+ 42. gxh6+ Kxh6 43. Kf3 Kg7 44. Kg3 Kf6 45. Kf3 Re8 46. Kg4 Re7 47. Kf3
Kf5 48. Kg3 Re4 49. Kf3 d4 50. exd4 Rxf4+ 51. Kg3 Rg4+ 52. Kh3 Re4 53. Rf2+ Rf4
54. Rg2 Rb3 55. Rxb3 axb3 56. Rg3 Rxd4 57. Rxb3 b5 58. Rc3 Rd6 59. Kg3 Ke4 60.
Rc1 Rf6 61. Kg4 Kd5 62. Kg5 Rf2 63. Kxg6 Rxb2 64. h5 Rg2+ 65. Kf6 Rh2 66. Kg6
Rh3 67. Rd1+ Ke6 68. Re1+ Kd6 69. Rd1+ Ke6 70. Re1+ Kd5 1/2-1/2

[Event "28th Cappelle Open"]
[Site "Cappelle la Grande FRA"]
[Date "2012.03.08"]
[Round "7.34"]
[White "Rasulov, Vugar"]
[Black "Grandadam, Nicolas"]
[Result "1-0"]
[WhiteTitle "GM"]
[BlackTitle "FM"]
[WhiteElo "2526"]
[BlackElo "2361"]
[WhiteFideId "13402390"]
[BlackFideId "681806"]
[EventDate "2012.03.03"]

1. e4 e5 2. Nf3 Nc6 3. Bb5 a6 4. Ba4 Nf6 5. Qe2 Bc5 6. O-O d6 7. c3 b5 8. Bc2
O-O 9. Rd1 Bg4 10. h3 Bh5 11. d3 Re8 12. Nbd2 d5 13. Nf1 d4 14. g4 Bg6 15. Ng3
Qe7 16. Nf5 Bxf5 17. gxf5 Rad8 18. Kh2 dxc3 19. bxc3 Ba3 20. Bd2 Na5 21. Rg1 Kh8
22. Rg2 c5 23. Rag1 Rg8 24. Bg5 b4 25. cxb4 cxb4 26. d4 exd4 27. e5 Qc7 28. Kh1
Rde8 29. exf6 Rxe2 30. fxg7+ Kxg7 31. Bf4+ Kf6 32. Bxc7 Rxg2 33. Bd8+ Kg7 34.
Rxg2+ 1-0

[Event "28th Cappelle Open"]
[Site "Cappelle la Grande FRA"]
[Date "2012.03.08"]
[Round "7.36"]
[White "Tazbir, Marcin"]
[Black "Marechal, Andy"]
[Result "1-0"]
[WhiteTitle "IM"]
[BlackTitle "FM"]
[WhiteElo "2513"]
[BlackElo "2349"]
[WhiteFideId "1122452"]
[BlackFideId "202355"]
[EventDate "2012.03.03"]

1. e4 e6 2. d4 d5 3. Nc3 Nf6 4. e5 Nfd7 5. Nce2 c5 6. c3 cxd4 7. cxd4 f6 8. exf6
Nxf6 9. Nf3 Nc6 10. Nc3 Bd6 11. g3 O-O 12. Bg2 Bd7 13. O-O Qb6 14. b3 Rae8 15.
Bb2 Re7 16. Na4 Qc7 17. Rc1 Qb8 18. Nc5 Be8 19. Nd3 Bh5 20. Qe1 Bxf3 21. Bxf3 e5
22. dxe5 Nxe5 23. Bxe5 Bxe5 24. Qa5 Bc7 25. Bxd5+ Kh8 26. Qb5 Bb6 27. Bf3 Nd7
28. Rce1 Rxe1 29. Rxe1 Qd6 30. Qd5 Qxd5 31. Bxd5 Nc5 32. Ne5 g6 33. Re2 a5 34.
Nc4 Ba7 35. Kg2 Nd3 36. Nxa5 b5 37. f4 Bc5 38. Be4 Nb4 39. a3 Na6 40. b4 Bb6 41.
Nb7 Nc7 42. Nd6 Kg7 43. Rc2 1-0

[Event "28th Cappelle Open"]
[Site "Cappelle la Grande FRA"]
[Date "2012.03.08"]
[Round "7.37"]
[White "Rudolf, Anna"]
[Black "Mekhitarian, Krikor Sevag"]
[Result "0-1"]
[WhiteTitle "WGM"]
[BlackTitle "GM"]
[WhiteElo "2323"]
[BlackElo "2512"]
[WhiteFideId "722855"]
[BlackFideId "2107660"]
[EventDate "2012.03.03"]

1. e4 c5 2. Nf3 d6 3. d4 cxd4 4. Nxd4 Nf6 5. Nc3 e6 6. Be2 Be7 7. O-O O-O 8. Be3
Nc6 9. f4 Bd7 10. Qe1 Nxd4 11. Bxd4 Bc6 12. Qg3 g6 13. Bf3 b5 14. a3 a5 15. Rae1
b4 16. axb4 axb4 17. Nd1 Bb5 18. Rf2 d5 19. exd5 Nxd5 20. Bxd5 Qxd5 21. c3 Ra1
22. Rd2 Bc6 23. cxb4 Qh5 24. Qc3 Bd5 25. Rd3 Qf5 26. Bc5 Rc8 27. Bxe7 Rxc3 28.
Rxc3 Qg4 29. Rg3 Qxf4 30. Bg5 Qd4+ 31. Be3 Qd3 32. Bc1 Qd4+ 33. Nf2 Qxb4 34. Rc3
Qb7 35. g3 h6 36. Ng4 Qb6+ 37. Ree3 Qxb2 38. Nf6+ Kg7 0-1

[Event "28th Cappelle Open"]
[Site "Cappelle la Grande FRA"]
[Date "2012.03.08"]
[Round "7.38"]
[White "Petkov, Vladimir"]
[Black "Pulvett, Daniel"]
[Result "1-0"]
[WhiteTitle "GM"]
[BlackTitle "IM"]
[WhiteElo "2509"]
[BlackElo "2340"]
[WhiteFideId "2901188"]
[BlackFideId "3900410"]
[EventDate "2012.03.03"]

1. d4 Nf6 2. c4 g6 3. Nc3 Bg7 4. e4 d6 5. Be2 O-O 6. Be3 Na6 7. g4 e5 8. g5 Ng4
9. Bxg4 Bxg4 10. f3 Bh5 11. d5 f5 12. h4 Qd7 13. Qe2 Rf7 14. Rh2 Raf8 15. Rf2 b6
16. O-O-O Nc5 17. Bxc5 bxc5 18. Rdf1 fxe4 19. Nxe4 Rf4 20. Qe3 Qa4 21. b3 Qa3+
22. Kb1 Rxh4 23. Ne2 Rh3 24. N2g3 a5 25. Qc1 Qxc1+ 26. Kxc1 h6 27. Nxh5 Rxh5 28.
Kb2 hxg5 29. Ka3 Bh6 30. Ka4 Rh4 31. Kxa5 1-0

[Event "28th Cappelle Open"]
[Site "Cappelle la Grande FRA"]
[Date "2012.03.08"]
[Round "7.40"]
[White "Jojua, Davit"]
[Black "Girard, Eric"]
[Result "1-0"]
[WhiteTitle "GM"]
[WhiteElo "2507"]
[BlackElo "2158"]
[WhiteFideId "13602543"]
[BlackFideId "613215"]
[EventDate "2012.03.03"]

1. d4 e6 2. c4 f5 3. g3 Nf6 4. Bg2 Bb4+ 5. Nd2 O-O 6. Nf3 d6 7. O-O Bxd2 8. Qxd2
Nc6 9. b4 Ne4 10. Qb2 Qf6 11. b5 Ne7 12. Nd2 Nxd2 13. Bxd2 c6 14. Bf4 Rd8 15. c5
dxc5 16. Be5 Qf7 17. dxc5 Bd7 18. a4 Rac8 19. Rfe1 Be8 20. Ra3 Nd5 21. e4 Nf6
22. exf5 exf5 23. b6 axb6 24. cxb6 Nd5 25. a5 Ra8 26. a6 Qe7 27. Bxd5+ Rxd5 28.
axb7 1-0

[Event "28th Cappelle Open"]
[Site "Cappelle la Grande FRA"]
[Date "2012.03.08"]
[Round "7.41"]
[White "Janev, Evgeni"]
[Black "Noguchi, Koji"]
[Result "1-0"]
[WhiteTitle "GM"]
[WhiteElo "2484"]
[BlackElo "2040"]
[WhiteFideId "2900360"]
[BlackFideId "7000740"]
[EventDate "2012.03.03"]

1. e4 c5 2. Nf3 g6 3. g3 Bg7 4. Bg2 Nc6 5. O-O e5 6. c3 d6 7. d3 Nge7 8. a3 a5
9. a4 O-O 10. Na3 h6 11. Nd2 Be6 12. Ndc4 d5 13. exd5 Nxd5 14. Re1 Rb8 15. Nb5
Nb6 16. Ncd6 Nd5 17. h4 Qe7 18. d4 cxd4 19. f4 Rbd8 20. fxe5 Bxe5 21. Rxe5 Nxe5
22. Bxh6 Rxd6 23. Qxd4 f6 24. Bxf8 Kxf8 25. c4 Nxc4 26. Qxc4 Ne3 27. Qc3 Rd1+
28. Rxd1 Nxd1 29. Qd2 Bb3 30. Nd4 Bxa4 31. b3 Bxb3 32. Nxb3 a4 33. Qxd1 Qe3+ 34.
Kh2 axb3 35. Qd7 b6 36. Kh3 b2 37. Bd5 Qe7 38. Qc8+ Kg7 39. Qg8+ Kh6 40. Qh8+
Qh7 41. Qxh7+ Kxh7 42. Ba2 f5 43. h5 gxh5 44. Kh4 Kg6 45. Bb1 b5 46. Bd3 b4 47.
Bc2 b3 48. Bb1 Kf6 49. Kxh5 Ke5 50. Kg5 Kd4 51. Kf4 Kc3 52. Ke3 Kc4 53. Bxf5 Kd5
54. Bb1 Ke5 55. g4 Ke6 56. g5 Ke5 57. g6 Kf6 58. Kf4 Kg7 59. Kg5 Kg8 60. Kf6 Kh8
61. Bd3 b1=Q 62. Bxb1 1-0

[Event "28th Cappelle Open"]
[Site "Cappelle la Grande FRA"]
[Date "2012.03.08"]
[Round "7.42"]
[White "Fedorchuk, Sergey A."]
[Black "Hoolt, Sarah"]
[Result "1-0"]
[WhiteTitle "GM"]
[BlackTitle "WIM"]
[WhiteElo "2634"]
[BlackElo "2261"]
[WhiteFideId "14102536"]
[BlackFideId "24606812"]
[EventDate "2012.03.03"]

1. e4 c5 2. b3 Nc6 3. Bb2 e5 4. Bc4 d6 5. Ne2 Nf6 6. d3 Be7 7. O-O O-O 8. Nbc3
a6 9. a4 Rb8 10. Qd2 Nh5 11. f4 Bg4 12. fxe5 Bg5 13. Qe1 Be3+ 14. Kh1 Nb4 15.
Nd5 Nxc2 16. Qc3 Nd4 17. Nxe3 Nxe2 18. Qe1 Qg5 19. Nxg4 Nhg3+ 20. hxg3 Qxg4 21.
Rf4 Nxg3+ 22. Kh2 Qxf4 23. Qxg3 Qh6+ 24. Kg1 b5 25. axb5 axb5 26. Bd5 Qd2 27.
Qf2 Qxd3 28. exd6 c4 29. bxc4 bxc4 30. Rc1 c3 31. Bxc3 Rb1 32. Rxb1 Qxb1+ 33.
Kh2 Qc1 34. Qd2 Qa3 35. e5 Rc8 36. Bb4 Qa1 37. Qf4 Kh8 38. d7 Rd8 39. Be7 1-0

[Event "28th Cappelle Open"]
[Site "Cappelle la Grande FRA"]
[Date "2012.03.08"]
[Round "7.43"]
[White "Gurevich, Mikhail"]
[Black "Przezdziecka, Marta"]
[Result "1-0"]
[WhiteTitle "GM"]
[BlackTitle "WGM"]
[WhiteElo "2611"]
[BlackElo "2250"]
[WhiteFideId "200930"]
[BlackFideId "1123009"]
[EventDate "2012.03.03"]

1. c4 Nf6 2. Nc3 d5 3. cxd5 Nxd5 4. g3 g6 5. Bg2 Nxc3 6. bxc3 Bg7 7. Rb1 Nc6 8.
Nf3 O-O 9. O-O Qd7 10. d4 Rb8 11. Bf4 b6 12. Re1 Bb7 13. Qc2 Na5 14. e4 Rbc8 15.
h4 c5 16. d5 Nc4 17. Rbd1 e5 18. Bc1 Nd6 19. Ng5 Rce8 20. f4 h6 21. Bh3 Qe7 22.
Nf3 f6 23. Be6+ Kh8 24. f5 Bc8 25. Nh2 Rd8 26. Nf1 Bd7 27. g4 Qe8 28. Qg2 Nc4
29. Ng3 h5 30. gxh5 gxh5 31. Kh2 Bxe6 32. dxe6 Rg8 33. Rxd8 Qxd8 34. Qe2 1-0

[Event "28th Cappelle Open"]
[Site "Cappelle la Grande FRA"]
[Date "2012.03.08"]
[Round "7.45"]
[White "Borovikov, Vladislav"]
[Black "Latzke, Boris Alexander"]
[Result "1-0"]
[WhiteTitle "GM"]
[WhiteElo "2579"]
[BlackElo "2241"]
[WhiteFideId "14102811"]
[BlackFideId "4633059"]
[EventDate "2012.03.03"]

1. Nf3 Nf6 2. c4 e6 3. g3 d5 4. Bg2 Be7 5. O-O O-O 6. d4 dxc4 7. Qc2 a6 8. a4
Nc6 9. Qxc4 Bd6 10. Nc3 e5 11. d5 Ne7 12. Bg5 Ne8 13. Ne4 f6 14. Be3 Nf5 15. Bd2
Rf7 16. Rfd1 Bf8 17. Qc2 Ned6 18. Nc5 Qe8 19. e4 Nh6 20. Bxh6 gxh6 21. Nh4 Rg7
22. Qb3 Bg4 23. Rdc1 Kh8 24. Nxb7 Rb8 25. Nxd6 Bxd6 26. Qe3 Qh5 27. b3 Qg5 28.
Qd3 a5 29. Rc6 Bd7 30. Ra6 Rbg8 31. Kh1 Bc5 32. Nf3 Qh5 33. Qd2 Bb6 34. b4 Bg4
35. bxa5 Bc5 36. Rxf6 Be7 37. Rxh6 Qe8 38. Qc3 Bd6 39. Bh3 Bxh3 40. Rxh3 Qd7 41.
Kg2 1-0

[Event "28th Cappelle Open"]
[Site "Cappelle la Grande FRA"]
[Date "2012.03.08"]
[Round "7.46"]
[White "Degraeve, Jean-Marc"]
[Black "Platel, Alexandre"]
[Result "1-0"]
[WhiteTitle "GM"]
[WhiteElo "2569"]
[BlackElo "2241"]
[WhiteFideId "600270"]
[BlackFideId "629014"]
[EventDate "2012.03.03"]

1. e4 c5 2. Nc3 d6 3. f4 Nc6 4. Nf3 g6 5. Bb5 Bd7 6. O-O Bg7 7. d3 Nd4 8. Bxd7+
Qxd7 9. Nxd4 cxd4 10. Ne2 Nh6 11. f5 gxf5 12. Ng3 fxe4 13. dxe4 Qg4 14. Nf5 Qg6
15. Bxh6 Bxh6 16. Qxd4 Rg8 17. g3 Bg7 18. Qa4+ Kd8 19. Rad1 Qe6 20. Rf3 Be5 21.
Rb3 Qc8 22. Rb5 f6 23. Qb3 Rg4 24. Nxe7 Kxe7 25. Rxb7+ Kd8 26. Qf7 Qc5+ 27. Kh1
Qc6 28. Qf8+ 1-0

[Event "28th Cappelle Open"]
[Site "Cappelle la Grande FRA"]
[Date "2012.03.08"]
[Round "7.47"]
[White "Chernyshov, Konstantin"]
[Black "Grandadam, Patrik"]
[Result "1-0"]
[WhiteTitle "GM"]
[WhiteElo "2561"]
[BlackElo "2189"]
[WhiteFideId "4117328"]
[BlackFideId "682438"]
[EventDate "2012.03.03"]

1. d4 d5 2. Bf4 e6 3. e3 Bd6 4. c3 Nf6 5. Nd2 O-O 6. Bd3 c5 7. Bxd6 Qxd6 8. f4
b6 9. Qe2 a5 10. Ngf3 Ba6 11. Bxa6 Nxa6 12. Ne5 b5 13. O-O Rab8 14. a3 Rb6 15.
Kh1 Rc8 16. f5 b4 17. axb4 axb4 18. c4 Nb8 19. fxe6 Qxe6 20. cxd5 Qxd5 21. Ra5
Nbd7 22. e4 Qb7 23. Nxd7 Nxd7 24. d5 Rh6 25. Nc4 Nb6 26. h3 Re8 27. Rb5 Qa6 28.
Rxc5 Nxc4 29. Qxc4 Qxc4 30. Rxc4 Rh4 31. d6 Rd8 32. d7 Kf8 33. Rc8 Ke7 34. Rxf7+
Kxf7 35. Rxd8 Ke7 36. Rb8 1-0

[Event "28th Cappelle Open"]
[Site "Cappelle la Grande FRA"]
[Date "2012.03.08"]
[Round "7.48"]
[White "Franklin, Samuel G A"]
[Black "Grigoriants, Sergey"]
[Result "1/2-1/2"]
[BlackTitle "GM"]
[WhiteElo "2187"]
[BlackElo "2561"]
[WhiteFideId "468576"]
[BlackFideId "4130804"]
[EventDate "2012.03.03"]

1. e4 e5 2. Nf3 Nc6 3. Bb5 a6 4. Ba4 Nf6 5. O-O Be7 6. Re1 b5 7. Bb3 d6 8. c3
O-O 9. h3 Nb8 10. d4 Nbd7 11. Nbd2 Bb7 12. Bc2 Re8 13. a4 Bf8 14. Bd3 c6 15. b3
g6 16. Bb2 Qc7 17. Qc2 Rac8 18. Bf1 Qb8 19. Rad1 exd4 20. cxd4 d5 21. e5 Nh5 22.
axb5 axb5 23. Qb1 b4 24. g3 c5 1/2-1/2

[Event "28th Cappelle Open"]
[Site "Cappelle la Grande FRA"]
[Date "2012.03.08"]
[Round "7.49"]
[White "Jeanne, Mickael"]
[Black "Le Roux, Jean-Pierre"]
[Result "0-1"]
[BlackTitle "GM"]
[WhiteElo "2177"]
[BlackElo "2550"]
[WhiteFideId "637963"]
[BlackFideId "609404"]
[EventDate "2012.03.03"]

1. Nf3 Nf6 2. c4 e6 3. Nc3 Bb4 4. Qc2 c5 5. g3 O-O 6. a3 Ba5 7. Bg2 Nc6 8. O-O
d6 9. d3 h6 10. Rb1 e5 11. Na2 Rb8 12. b4 Bc7 13. b5 Ne7 14. Bb2 Be6 15. Nc3 Qd7
16. Rfd1 Bh3 17. Bh1 Ng6 18. Rbc1 Qf5 19. Nd5 Nxd5 20. cxd5 Rbc8 21. Qa4 Qd7 22.
Nh4 a6 23. Nxg6 fxg6 24. Rb1 axb5 25. Qb3 c4 26. dxc4 Bb6 27. e3 Qf5 28. Rf1
Rxc4 0-1

[Event "28th Cappelle Open"]
[Site "Cappelle la Grande FRA"]
[Date "2012.03.08"]
[Round "7.62"]
[White "Sveshnikov, Vladimir"]
[Black "Von Meijenfeldt, Bart"]
[Result "1-0"]
[WhiteTitle "IM"]
[WhiteElo "2426"]
[BlackElo "2144"]
[WhiteFideId "11601884"]
[BlackFideId "1032259"]
[EventDate "2012.03.03"]

1. e4 c5 2. c3 d6 3. d4 Nf6 4. Bd3 g6 5. dxc5 dxc5 6. e5 Nh5 7. Qe2 Nc6 8. Bc4
Qc7 9. e6 fxe6 10. Nf3 Nf4 11. Bxf4 Qxf4 12. Nbd2 Bh6 13. O-O Nd8 14. Rfe1 O-O
15. Rad1 b6 16. Ba6 Bd7 17. Nc4 1-0

[Event "28th Cappelle Open"]
[Site "Cappelle la Grande FRA"]
[Date "2012.03.08"]
[Round "7.66"]
[White "Durczak, Mathieu"]
[Black "Clery, Nicolas"]
[Result "1-0"]
[BlackTitle "IM"]
[WhiteElo "2078"]
[BlackElo "2400"]
[WhiteFideId "644846"]
[BlackFideId "614904"]
[EventDate "2012.03.03"]

1. Nf3 Nc6 2. d4 d5 3. c4 Bg4 4. Nc3 e6 5. cxd5 exd5 6. Bf4 Bd6 7. Bg3 Nge7 8.
e3 h5 9. a3 h4 10. Bxd6 Qxd6 11. h3 Bf5 12. Nb5 Qd7 13. Bd3 Be4 14. Nc3 Qf5 15.
Bxe4 dxe4 16. Nd2 Qg6 17. Ncxe4 Qxg2 18. Qf3 Qxf3 19. Nxf3 Nd5 20. Rg1 g6 21.
Nc3 O-O-O 22. Rg4 Nce7 23. Nxd5 Nxd5 24. Ne5 Rh7 25. Nf3 Rh5 26. Ne5 Rf8 27.
O-O-O g5 28. Rdg1 f6 29. Nd3 c6 30. Kd2 a5 31. b3 Rhh8 32. Nc5 Re8 33. Nd3 Rhf8
34. Nc5 Re7 35. Na4 Rfe8 36. Nc3 Nc7 37. e4 Ne6 38. Ne2 Rd8 39. Kc3 b6 40. Rd1
Red7 41. a4 Kb7 42. Rgg1 Re8 43. Rd2 c5 44. d5 Nd8 45. f3 Nf7 46. Nc1 f5 47. Re2
Ne5 48. Rxg5 Nxf3 49. Rxf5 Nd4 50. Rf4 Nxe2+ 51. Nxe2 Rh7 52. Kc4 Kc7 53. Nc3
Rh6 54. Nb5+ Kd7 55. Rf7+ Re7 56. Rf4 Rh8 57. d6 Rg7 58. Kd5 Rh5+ 59. e5 Rhh7
60. Rf8 Rg5 61. Ra8 Rhh5 62. Ra7+ Kd8 63. Re7 Rg3 64. Rc7 Ke8 65. Kc6 Rg8 66.
d7+ 1-0

[Event "28th Cappelle Open"]
[Site "Cappelle la Grande FRA"]
[Date "2012.03.08"]
[Round "7.110"]
[White "Mestdagh, Franck"]
[Black "Soyez, Cyril"]
[Result "0-1"]
[WhiteElo "1954"]
[BlackElo "2229"]
[WhiteFideId "638510"]
[BlackFideId "628662"]
[EventDate "2012.03.03"]

1. e4 c5 2. Nf3 g6 3. c3 Bg7 4. d4 cxd4 5. cxd4 d5 6. e5 Bg4 7. h3 Bxf3 8. Qxf3
Nc6 9. Bb5 e6 10. a3 Ne7 11. b4 Qb6 12. Qd3 O-O 13. Bb2 f6 14. f4 fxe5 15. fxe5
Bxe5 16. Bxc6 Nxc6 17. Qe2 Bg3+ 18. Kd1 Nxd4 19. Qe3 Nf5 20. Qc3 Ne3+ 21. Ke2
Rf2+ 22. Kd3 Qb5+ 0-1

[Event "28th Cappelle Open"]
[Site "Cappelle la Grande FRA"]
[Date "2012.03.08"]
[Round "7.118"]
[White "Lacrosse, Marc"]
[Black "Dubois, Vincent"]
[Result "1-0"]
[WhiteTitle "FM"]
[WhiteElo "2191"]
[BlackElo "1910"]
[WhiteFideId "200921"]
[BlackFideId "652679"]
[EventDate "2012.03.03"]

1. d4 Nf6 2. c4 c5 3. d5 b5 4. cxb5 a6 5. bxa6 g6 6. Nc3 Bxa6 7. Nf3 d6 8. g3
Bg7 9. Bg2 O-O 10. O-O Nbd7 11. Qc2 Qa5 12. Bd2 Rfb8 13. Rab1 Bb5 14. Rfd1 Qa6
15. Be1 Ng4 16. Nxb5 Rxb5 17. b3 Nge5 18. a4 Rb6 19. Nxe5 Nxe5 20. Bf1 Qb7 21.
h3 c4 22. bxc4 Nxc4 23. Rxb6 Nxb6 24. a5 Nd7 25. Rb1 Qa7 26. Qc6 Nc5 27. e3 Rb8
28. Rxb8+ Qxb8 29. a6 e6 30. Ba5 Nxa6 31. Bxa6 exd5 32. Qxd5 Qb1+ 33. Kg2 1-0